Catálogo - Centro de Recursos para el Aprendizaje y la Investigación

Volver al Sitio - CRAI Biblioteca
Vista normal Vista MARC
  • República Dominicana

Entrada Nombre geográfico

Número de registros utilizados en: 3

001 - NÚMERO DE CONTROL

  • campo de control: 193505

003 - IDENTIFICADOR DEL NÚMERO DE CONTROL

  • campo de control: DR-UNIBE

005 - FECHA Y HORA DE LA ÚLTIMA TRANSACCIÓN

  • campo de control: 20250326134702.0

008 - DATOS DE LONGITUD FIJA

  • campo de control de longitud fija: 250326|| aca||aabn | a|a d

040 ## - FUENTE DE LA CATALOGACIÓN

  • Centro catalogador/agencia de origen: DR-UNIBE
  • Centro/agencia transcriptor: DR-UNIBE

151 ## - ENCABEZAMIENTO--NOMBRE GEOGRÁFICO

  • Nombre geográfico: República Dominicana
  • Subdivisión general: Historia
  • Subdivisión cronológica: 1965

670 ## - FUENTE DE DATOS ENCONTRADOS

  • Cita de la fuente: Work cat.: (DR-UNIBE)112830: Arias Guerrero, Jesús, 1962- autor 181744, Héroes y velloneras en el Castillo del Cerro :, 2023